000 00437nam a2200157 i 4500
001 24403
003 ES-MaACL
005 20230906153037.0
007 t|
008 021217s1973 sp ||||1| spa d
100 1 _aAnaya Santos, Gonzalo.
_921388
245 1 3 _aEl C.O.U.
_b: análisis de una experiencia.
260 _a[La Coruña :
_bs.n.,
_c1973] (
_fImp. Agrove)
300 _a196 p. ;
_c17 cm.
852 _aES-MaACL
_jC-53563
_bR.85314
999 _c24403
_d24403